01434nam a22002777a 4500003000400000005001700004008004100021020001800062040001400080041000800094082001800102100003300120245002800153250001200181264003400193300005800227521056400285650002800849650001600877650002700893700003100920700003100951942001200982999001700994952014501011OSt20240530174908.0240530b ||||| |||| 00| 0 spa d a9789583042614 cCO-Mq BPB aspa a362.292bT36a aThomazeau, Anne-MarieeAutor aEl alcohol un mal amigo a1a. ed. aBogotá:bpanamericanac2014 a99 páginasbTapa dura, ilustraciones a colorc23 cm aPara los jóvenes como tú, salir de rumba y pasar una noche con amigos son a menudo sinónimos de beber algo e incluso, de vez en cuando, de pegarse una buena borrachera. Por desgracia, para algunos el alcohol se ha convertido en algo más que eso. A veces, te sientes solo o un poco deprimido y sabes que el alcohol te puede ayudar a olvidar tus problemas, ¡o eso parece! Porque lo cierto es que el consumo excesivo de alcohol supone un peligro real. En este libro te ayudamos a reflexionar sobre el consumo y a ser consciente de tus propios límites. aAlcoholismo-Tratamiento aAlcoholismo aPrevención y control aBakony, Benoiteilustrador aRamos, Cristinaetraductor 2ddccBK c15551d15551 00102ddc40708GENaBPMOSbBPMOScGENd2024-05-30eDonacióniNTl0o362.292 T36apMOS503738r2024-05-30tEj.1w2024-05-30yBKzOcho dias